Statistics for Bengali Letters

Click here to take the quiz!

General Stats

  • This quiz has been taken 46 times
  • The average score is 6 of 6

Answer Stats

BengaliEnglish% Correct
Ko
97%
Gho
95%
Go
95%
Jo
95%
Kho
90%
Cho
87%

Score Distribution

Percentile by Number Answered

Percent of People with Each Score

Your Score History

You have not taken this quiz